000 00487nam a2200181Ia 4500
008 131103s9999 xx 000 0 und d
020 _a312507054
040 _aLoreto College
041 _aEnglish
082 _a822/MAK
_bLCBED/10552
245 4 _aThe making of the jewel in the crown
260 _aNew York
_bSt. Martin's
_c1983
300 _a134p.
_b pic.
_c 27cm.
440 _aThe Masterpiece Theatre Series
650 _aEnglish drama
850 _aLCBED/822/MAK
942 _cBK
999 _c30013
_d80492